| 000 | 00752nam a2200241 i 4500 | ||
|---|---|---|---|
| 001 | 18465 | ||
| 003 | ES-MaACL | ||
| 005 | 20230906151838.0 | ||
| 007 | t| | ||
| 008 | 011120s2001 sp ||||1| spa d | ||
| 020 | _a84-7642-641-0 | ||
| 080 | _a1 Rawls, John | ||
| 080 | _a340.114 | ||
| 100 | 1 |
_aPereira, Gustavo. _990472 |
|
| 245 | 1 | 0 |
_aIgualdad y justicia _b: la propuesta de justicia distributiva de John Rawls / _cGustavo Pereira ; prólogo de Adela Cortina. |
| 250 | _a1ª ed. | ||
| 260 |
_aValencia : _bNau Llibres, _c2001. |
||
| 300 |
_a127 p. ; _c22 cm. |
||
| 600 | 1 | 4 |
_aRawls, John- _xCrítica e interpretación. _995613 |
| 650 | 1 | 4 |
_aJusticia. _914032 |
| 700 | 1 |
_aCortina Orts, Adela. _940948 |
|
| 852 |
_aES-MaACL _jL-25083 _bR.130647 |
||
| 999 |
_c18465 _d18465 |
||